00193nam a2200073Ia 4500008004100000100001500041245004400056260001900100120527s9999 xx 000 0 und d aGardner,DC aFinancial distance learning work books. bF.F Publishing